[Event "EYCC Open-U14 2019"]
[Site "Bratislava"]
[Date "2019.08.10"]
[Round "9.9"]
[White "Tsaruk, Maksim"]
[Black "Guz, Ari"]
[Result "1-0"]
[WhiteElo "2230"]
[BlackElo "2165"]
[Annotator "NA"]
[PlyCount "87"]
[EventDate "2019.08.02"]
[EventType "swiss"]
[EventCountry "SVK"]
[SourceTitle "playchess.com"]
[Source "ChessBase"]
[SourceQuality "1"]
[TimeControl "40/5400+30:1800+30"]

1. e4 {[%emt 0:00:00]} c5 {[%emt 0:00:00]} 2. Nf3 {[%emt 0:00:00]} e6 {[%emt 0:00:00]} 3. d4 {[%emt 0:00:00]} cxd4 {[%emt 0:00:00]} 4. Nxd4 {[%emt 0:00:00]} a6 {[%emt 0:00:00]} 5. c4 {[%emt 0:00:01]} Nf6 {[%emt 0:00:00]} 6. Nc3 {[%emt 0:00:06]} Bb4 {[%emt 0:00:03]} 7. Qd3 {[%emt 0:00:27]} d5 {[%emt 0:00:09]} 8. exd5 {[%emt 0:06:37]} exd5 {[%emt 0:00:08]} 9. Be2 {[%emt 0:00:23]} O-O {[%emt 0:00:43]} 10. O-O {[%emt 0:00:12]} Nc6 {[%emt 0:00:05]} 11. Nxd5 {[%emt 0:07:21]} Nxd5 {[%emt 0:00:08]} 12. Nxc6 {[%emt 0:00:04]} bxc6 {[%emt 0:00:06]} 13. cxd5 {[%emt 0:00:03]} Qxd5 {[%emt 0:00:09]} 14. Qxd5 {[%emt 0:00:08]} cxd5 {[%emt 0:00:07]} 15. Rd1 {[%emt 0:00:02]} Be6 {[%emt 0:00:26]} 16. Bf4 {[%emt 0:00:05]} a5 {[%emt 0:05:49]} 17. Rac1 {[%emt 0:10:04]} Rfc8 {[%emt 0:05:41]} 18. Rxc8+ {[%emt 0:00:10]} Rxc8 {[%emt 0:00:09]} 19. Rc1 {[%emt 0:00:01]} Rxc1+ {[%emt 0:00:53]} 20. Bxc1 {[%emt 0:00:02]} Kf8 {[%emt 0:04:55]} 21. a3 {[%emt 0:24:46]} Bc5 {[%emt 0:04:37]} 22. Bd2 {[%emt 0:01:32]} Bd4 {[%emt 0:03:52]} 23. Bxa5 {[%emt 0:02:18]} Bxb2 {[%emt 0:00:07]} 24. Bb4+ {[%emt 0:05:36]} Ke8 {[%emt 0:00:07]} 25. Kf1 {[%emt 0:00:20]} Be5 {[%emt 0:04:38]} 26. h3 {[%emt 0:02:05]} Kd7 {[%emt 0:00:05]} 27. Bb5+ {[%emt 0:00:39]} Kc7 {[%emt 0:00:06]} 28. Ke2 {[%emt 0:00:07]} Bd7 {[%emt 0:02:15]} 29. Ba5+ {[%emt 0:19:14]} Kd6 {[%emt 0:00:11]} 30. Bb4+ {[%emt 0:00:03]} Kc7 {[%emt 0:00:07]} 31. Bd3 {[%emt 0:00:29]} g6 {[%emt 0:09:16]} 32. Ke3 {[%emt 0:01:21]} Bd6 {[%emt 0:03:06]} 33. Bxd6+ {[%emt 0:09:08]} Kxd6 {[%emt 0:00:02]} 34. Kd4 {[%emt 0:00:06]} Ba4 {[%emt 0:00:24]} 35. f4 {[%emt 0:01:55]} Bc6 {[%emt 0:02:25]} 36. Bc2 {[%emt 0:01:56]} Ba8 {[%emt 0:01:25]} 37. g4 {[%emt 0:05:02]} Bc6 {[%emt 0:00:18]} 38. g5 {[%emt 0:00:05]} Bb7 {[%emt 0:02:27]} 39. h4 {[%emt 0:00:06]} Bc6 {[%emt 0:00:44]} 40. a4 {[%emt 0:00:00]} Bb7 {[%emt 0:00:00]} 41. Bd3 {[%emt 0:02:43]} Ba8 {[%emt 0:02:17]} 42. Bb5 {[%emt 0:04:15]} Bb7 {[%emt 0:00:22]} 43. a5 {[%emt 0:05:12]} Ba8 {[%emt 0:00:27]} 44. a6 {[%emt 0:00:16]} 1-0

[Event "EYCC Open-U14 2019"]
[Site "Bratislava"]
[Date "2019.08.10"]
[Round "9.10"]
[White "Grigoryan, Aram"]
[Black "Rozen, Eytan"]
[Result "1-0"]
[WhiteElo "1947"]
[BlackElo "2260"]
[Annotator "NA"]
[PlyCount "93"]
[EventDate "2019.08.02"]
[EventType "swiss"]
[EventCountry "SVK"]
[SourceTitle "playchess.com"]
[Source "ChessBase"]
[SourceQuality "1"]
[TimeControl "40/5400+30:1800+30"]

1. d4 {[%emt 0:01:04]} Nf6 {[%emt 0:00:19]} 2. c4 {[%emt 0:00:52]} e6 {[%emt 0:00:46]} 3. Nc3 {[%emt 0:00:04]} Bb4 {[%emt 0:00:12]} 4. e3 {[%emt 0:00:04]} O-O {[%emt 0:00:40]} 5. Nge2 {[%emt 0:00:39]} Re8 {[%emt 0:00:21]} 6. a3 {[%emt 0:00:05]} Bf8 {[%emt 0:00:05]} 7. d5 {[%emt 0:00:06]} a5 {[%emt 0:00:14]} 8. g3 {[%emt 0:00:07]} Na6 {[%emt 0:00:42]} 9. Bg2 {[%emt 0:01:39]} Nc5 {[%emt 0:00:13]} 10. O-O {[%emt 0:01:32]} exd5 {[%emt 0:01:05]} 11. cxd5 {[%emt 0:02:40]} b6 {[%emt 0:00:24]} 12. Qc2 {[%emt 0:01:49]} Ba6 {[%emt 0:03:42]} 13. Rd1 {[%emt 0:00:47]} g6 {[%emt 0:03:12]} 14. Nd4 {[%emt 0:04:15]} Bb7 {[%emt 0:05:16]} 15. e4 {[%emt 0:04:09]} Bg7 {[%emt 0:00:23]} 16. b3 {[%emt 0:04:14]} d6 {[%emt 0:09:01]} 17. Rb1 {[%emt 0:04:13]} Qe7 {[%emt 0:18:41]} 18. f3 {[%emt 0:01:37]} Qd7 {[%emt 0:08:35]} 19. Bf1 {[%emt 0:06:50]} Ba6 {[%emt 0:00:58]} 20. Ncb5 {[%emt 0:00:16]} a4 {[%emt 0:12:19]} 21. b4 {[%emt 0:04:05]} Nb3 {[%emt 0:00:08]} 22. Nxb3 {[%emt 0:00:08]} axb3 {[%emt 0:05:48]} 23. Qc6 {[%emt 0:00:18]} Qxc6 {[%emt 0:01:08]} 24. dxc6 {[%emt 0:00:13]} Bxb5 {[%emt 0:00:54]} 25. Bxb5 {[%emt 0:02:11]} b2 {[%emt 0:13:22]} 26. Bxb2 {[%emt 0:02:47]} g5 {[%emt 0:00:13]} 27. g4 {[%emt 0:01:45]} h5 {[%emt 0:04:05]} 28. h3 {[%emt 0:00:06]} hxg4 {[%emt 0:00:13]} 29. hxg4 {[%emt 0:00:07]} Nxg4 {[%emt 0:03:15]} 30. fxg4 {[%emt 0:03:56]} Rxe4 {[%emt 0:00:31]} 31. Rd3 {[%emt 0:00:08]} Rxg4+ {[%emt 0:00:20]} 32. Kf2 {[%emt 0:00:08]} Rf4+ {[%emt 0:00:31]} 33. Rf3 {[%emt 0:00:41]} Rxf3+ {[%emt 0:01:35]} 34. Kxf3 {[%emt 0:00:04]} Bxb2 {[%emt 0:00:06]} 35. Rxb2 {[%emt 0:00:03]} Rxa3+ {[%emt 0:00:07]} 36. Kg4 {[%emt 0:00:02]} f6 {[%emt 0:01:01]} 37. Kf5 {[%emt 0:00:28]} Kf7 {[%emt 0:01:33]} 38. Bc4+ {[%emt 0:00:11]} Kf8 {[%emt 0:01:45]} 39. Kxf6 {[%emt 0:00:53]} g4 {[%emt 0:00:06]} 40. Rh2 {[%emt 0:00:00]} Rf3+ {[%emt 0:00:00]} 41. Ke6 {[%emt 0:05:31]} g3 {[%emt 0:01:05]} 42. Rh4 {[%emt 0:01:01]} b5 {[%emt 0:07:30]} 43. Bd5 {[%emt 0:01:09]} g2 {[%emt 0:03:16]} 44. Rg4 {[%emt 0:00:22]} Re3+ {[%emt 0:00:20]} 45. Kd7 {[%emt 0:02:25]} Rg3 {[%emt 0:03:12]} 46. Rxg3 {[%emt 0:00:59]} g1=Q {[%emt 0:00:25]} 47. Rg8+ {[%emt 0:00:04] Qg2 Rg4} 1-0

[Event "EYCC Open-U14 2019"]
[Site "Bratislava"]
[Date "2019.08.10"]
[Round "9.11"]
[White "Hak, David"]
[Black "Maldonado Mena, German"]
[Result "1/2-1/2"]
[WhiteElo "2012"]
[BlackElo "1822"]
[Annotator "NA"]
[PlyCount "71"]
[EventDate "2019.08.02"]
[EventType "swiss"]
[EventCountry "SVK"]
[SourceTitle "playchess.com"]
[Source "ChessBase"]
[SourceQuality "1"]
[TimeControl "40/5400+30:1800+30"]

1. e4 {[%emt 0:00:00]} e5 {[%emt 0:00:00]} 2. Nf3 {[%emt 0:00:00]} Nc6 {[%emt 0:00:00]} 3. Bb5 {[%emt 0:00:00]} g6 {[%emt 0:00:19]} 4. c3 {[%emt 0:00:00]} a6 {[%emt 0:00:09]} 5. Ba4 {[%emt 0:00:00]} b5 {[%emt 0:00:21]} 6. Bc2 {[%emt 0:00:00]} d6 {[%emt 0:02:58]} 7. O-O {[%emt 0:03:50]} Bg7 {[%emt 0:00:52]} 8. d3 {[%emt 0:04:51]} f5 {[%emt 0:03:02]} 9. Bb3 {[%emt 0:18:36]} Na5 {[%emt 0:03:25]} 10. Bxg8 {[%emt 0:16:35]} Rxg8 {[%emt 0:00:31]} 11. a4 {[%emt 0:09:11]} Be6 {[%emt 0:04:43]} 12. b4 {[%emt 0:10:50]} Nb3 {[%emt 0:08:07]} 13. Ng5 {[%emt 0:08:10]} Qe7 {[%emt 0:08:18]} 14. Nxe6 {[%emt 0:06:35]} Qxe6 {[%emt 0:03:51]} 15. Ra3 {[%emt 0:00:28]} Nxc1 {[%emt 0:00:14]} 16. Qxc1 {[%emt 0:00:32]} Kd7 {[%emt 0:02:48]} 17. Nd2 {[%emt 0:01:01]} Bh6 {[%emt 0:01:39]} 18. Qc2 {[%emt 0:01:08]} a5 {[%emt 0:07:02]} 19. axb5 {[%emt 0:03:39]} axb4 {[%emt 0:01:01]} 20. Rxa8 {[%emt 0:01:41]} Rxa8 {[%emt 0:00:01]} 21. cxb4 {[%emt 0:03:15]} Ra2 {[%emt 0:11:43]} 22. Qc6+ {[%emt 0:00:15]} Kd8 {[%emt 0:00:01]} 23. b6 {[%emt 0:02:20]} cxb6 {[%emt 0:01:26]} 24. Rc1 {[%emt 0:03:08]} Ke7 {[%emt 0:03:40]} 25. Rc2 {[%emt 0:05:41]} Rxc2 {[%emt 0:12:45]} 26. Qxc2 {[%emt 0:00:01]} Bxd2 {[%emt 0:00:07]} 27. Qxd2 {[%emt 0:00:01]} Qb3 {[%emt 0:00:08]} 28. h4 {[%emt 0:00:59]} f4 {[%emt 0:00:58]} 29. d4 {[%emt 0:01:03]} Qb1+ {[%emt 0:00:18]} 30. Kh2 {[%emt 0:00:01]} Qxe4 {[%emt 0:00:10]} 31. dxe5 {[%emt 0:00:20]} Qxe5 {[%emt 0:03:42]} 32. f3 {[%emt 0:00:31]} d5 {[%emt 0:04:39]} 33. Qa2 {[%emt 0:00:18]} Qd6 {[%emt 0:03:08]} 34. Qa7+ {[%emt 0:00:32]} Kf6 {[%emt 0:00:33]} 35. Qxh7 {[%emt 0:00:30]} Qxb4 {[%emt 0:01:46]} 36. Qh8+ {[%emt 0:00:17] Ke5} 1/2-1/2

[Event "EYCC Open-U14 2019"]
[Site "Bratislava"]
[Date "2019.08.10"]
[Round "9.12"]
[White "Gnojek, Petr"]
[Black "Trofimov, Pavel"]
[Result "0-1"]
[WhiteElo "2246"]
[BlackElo "2151"]
[Annotator "NA"]
[PlyCount "46"]
[EventDate "2019.08.02"]
[EventType "swiss"]
[EventCountry "SVK"]
[SourceTitle "playchess.com"]
[Source "ChessBase"]
[SourceQuality "1"]
[TimeControl "40/5400+30:1800+30"]

1. d4 {[%emt 0:00:00]} d5 {[%emt 0:00:00]} 2. c4 {[%emt 0:00:00]} dxc4 {[%emt 0:00:27]} 3. e4 {[%emt 0:00:00]} e5 {[%emt 0:00:25]} 4. d5 {[%emt 0:02:24]} Nf6 {[%emt 0:00:31]} 5. Nc3 {[%emt 0:00:08]} b5 {[%emt 0:02:49]} 6. Bg5 {[%emt 0:06:32]} Bc5 {[%emt 0:11:53]} 7. Bxf6 {[%emt 0:02:00]} Qxf6 {[%emt 0:02:18]} 8. Nf3 {[%emt 0:00:07]} O-O {[%emt 0:01:55]} 9. Qc2 {[%emt 0:00:57]} c6 {[%emt 0:10:08]} 10. dxc6 {[%emt 0:08:41]} Nxc6 {[%emt 0:04:00]} 11. Nxb5 {[%emt 0:00:15]} Bb4+ {[%emt 0:09:30]} 12. Nd2 {[%emt 0:01:09]} Rb8 {[%emt 0:06:45]} 13. Nc3 {[%emt 0:01:30]} Nd4 {[%emt 0:03:55]} 14. Qd1 {[%emt 0:03:07]} Bc5 {[%emt 0:02:48]} 15. Bxc4 {[%emt 0:06:30]} Rxb2 {[%emt 0:04:08]} 16. O-O {[%emt 0:00:24]} Bh3 {[%emt 0:06:37]} 17. Kh1 {[%emt 0:01:31]} Bxg2+ {[%emt 0:02:52]} 18. Kxg2 {[%emt 0:00:04]} Qg5+ {[%emt 0:00:03]} 19. Kh1 {[%emt 0:00:04]} Rxd2 {[%emt 0:00:12]} 20. Qc1 {[%emt 0:01:57]} Nf3 {[%emt 0:01:33]} 21. Ne2 {[%emt 0:05:58]} Qh4 {[%emt 0:01:08]} 22. Kg2 {[%emt 0:00:03]} Qg4+ {[%emt 0:00:05]} 23. Ng3 {[%emt 0:00:09]} Nh4+ {[%emt 0:00:05]} 0-1

[Event "EYCC Open-U14 2019"]
[Site "Bratislava"]
[Date "2019.08.10"]
[Round "9.14"]
[White "Jun, Rudolf Jr."]
[Black "Borhy, Marcell"]
[Result "0-1"]
[WhiteElo "2200"]
[BlackElo "2382"]
[Annotator "TA"]
[PlyCount "80"]
[EventDate "2019.08.02"]
[EventType "swiss"]
[EventCountry "SVK"]
[SourceTitle "playchess.com"]
[Source "ChessBase"]
[SourceQuality "1"]

{[%evp 9,80,0,23,-4,11,-72,-59,-94,-87,-336,-331,-318,-322,-374,-340,-319,-172,-172,-172,-170,-170,-170,-176,-175,-172,-184,-183,-166,-169,-233,-234,-235,-191,-254,-255,-258,-265,-263,-261,-277,-171,-363,-347,-357,-335,-256,-222,-203,-141,-141,-141,-355,-377,-333,-315,-391,-394,-396,-382,-350,-247,-724,-666,-772,-764,-761,-731,-29973,-29974,-29972,-29965,-5233,-5201]} 1. e4 c5 2. Nf3 Nf6 3. e5 Nd5 4. d4 cxd4 5. Nxd4 (5. Qxd4 e6 6. a3 Nc6 7. Qe4 d6 8. c4 Nb6 9. exd6 Bxd6 10. Nc3 Nd7 11. Bg5 Be7 12. Bxe7 Qxe7 13. O-O-O Nc5 {½-½ (44) Morozevich,A (2683)-Lintchevski,D (2566) Kazan 2016}) 5... Nc6 6. c4 {B29: Sicilian: 2 Nf3 Nf6 (Nimzowitsch Variation)} Ndb4 7. Nxc6 (7. Nf3 $11) 7... dxc6 $17 8. a3 $146 {Black is slightly better.} ({Predecessor:} 8. Qxd8+ Kxd8 9. Na3 Bf5 10. Be2 e6 11. O-O Kc7 12. Rd1 Bc5 {0-1 (26) Laureles,R (1547)-Bokros,J (1483) LSS email 2009}) 8... Qa5 $1 9. Nc3 $2 (9. axb4 $17 {was forced.} Qxa1 10. Bd3) 9... Bf5 $19 ({Weaker is} 9... Qxe5+ 10. Be2 $11) 10. axb4 Qxa1 11. Qd2 e6 12. c5 a5 (12... Rd8 $142 13. Qe3 Be7) 13. Nb5 {[#] White wants to mate with Nc7+.} Rd8 $1 {[%cal Rd8d2]} 14. Nd6+ Bxd6 $1 15. exd6 axb4 16. Bc4 O-O 17. O-O Qa5 18. Qd4 {[#]} b6 $1 {[%cal Bb7b6,Bb6c5,Bc5c4][%mdl 32]} 19. g4 (19. cxb6 $142 e5 20. Qd1) 19... bxc5 20. Qf4 Bg6 21. h4 (21. Be3 {might work better.}) 21... f6 22. Bxe6+ Bf7 23. Bf5 c4 24. Rd1 g6 25. Bc2 $2 (25. Be4 {was the only chance.} c3 26. bxc3) 25... b3 26. Be4 Bd5 27. h5 Qc5 {...Bxe4 is the strong threat.} 28. hxg6 {Hoping for g7!} hxg6 29. Bxg6 Qxd6 ({Of course not} 29... Rxd6 $6 30. Be3 $14) 30. Qh6 $2 (30. Bh7+ $17 {was the only defense.} Kh8 31. Qh6) 30... Qe7 31. Bf5 Qg7 32. Qh3 {If only White now had time for Bh6!...} Rfe8 33. Bh6 Qf7 {Strongly threatening ...Bg2!} 34. Qg3 {Now g5 and White clings on.} Be6 35. Rxd8 $2 (35. Rc1) 35... Rxd8 36. Be4 Bd5 37. Bf5 {[#]} Qa7 $1 {( -> ...Qa1+)} 38. Bc1 Re8 39. Kh2 Re1 {[%csl Gd5][%cal Re1h1]} 40. Qf4 {[#]} Rxc1 $1 {Accuracy: White = 32%, Black = 67%.} 0-1

[Event "EYCC Open-U14 2019"]
[Site "Bratislava"]
[Date "2019.08.10"]
[Round "9.15"]
[White "Morgunov, Marc"]
[Black "Cappelletto, Joshuaede"]
[Result "1-0"]
[WhiteElo "2314"]
[BlackElo "2138"]
[Annotator "NA"]
[PlyCount "65"]
[EventDate "2019.08.02"]
[EventType "swiss"]
[EventCountry "SVK"]
[SourceTitle "playchess.com"]
[Source "ChessBase"]
[SourceQuality "1"]
[TimeControl "40/5400+30:1800+30"]

1. e4 {[%emt 0:00:00]} c5 {[%emt 0:00:00]} 2. Nf3 {[%emt 0:00:00]} d6 {[%emt 0:00:00]} 3. Bb5+ {[%emt 0:00:25]} Bd7 {[%emt 0:00:00]} 4. Bxd7+ {[%emt 0:00:04]} Qxd7 {[%emt 0:00:00]} 5. c4 {[%emt 0:00:06]} Nc6 {[%emt 0:00:47]} 6. d4 {[%emt 0:00:28]} cxd4 {[%emt 0:00:22]} 7. Nxd4 {[%emt 0:00:06]} Nf6 {[%emt 0:00:11]} 8. Nc3 {[%emt 0:00:06]} g6 {[%emt 0:00:51]} 9. f3 {[%emt 0:01:15]} Nxd4 {[%emt 0:01:34]} 10. Qxd4 {[%emt 0:00:39]} Bg7 {[%emt 0:00:09]} 11. Be3 {[%emt 0:01:36]} O-O {[%emt 0:00:12]} 12. Qd3 {[%emt 0:00:55]} Rfc8 {[%emt 0:02:34]} 13. O-O {[%emt 0:01:49]} Qe8 {[%emt 0:07:26]} 14. Rac1 {[%emt 0:02:18]} a5 {[%emt 0:03:07]} 15. b3 {[%emt 0:06:34]} Nd7 {[%emt 0:06:53]} 16. Qd2 {[%emt 0:02:16]} Nc5 {[%emt 0:05:50]} 17. Nd5 {[%emt 0:02:36]} Ra6 {[%emt 0:02:29]} 18. Bg5 {[%emt 0:03:50]} f6 {[%emt 0:04:46]} 19. Be3 {[%emt 0:00:25]} Qf7 {[%emt 0:03:58]} 20. Rfe1 {[%emt 0:05:28]} e6 {[%emt 0:07:12]} 21. Nc3 {[%emt 0:07:15]} f5 {[%emt 0:02:09]} 22. Nb5 {[%emt 0:07:05]} Be5 {[%emt 0:01:37]} 23. Bxc5 {[%emt 0:07:48]} dxc5 {[%emt 0:01:39]} 24. exf5 {[%emt 0:01:37]} Qxf5 {[%emt 0:00:10]} 25. Re4 {[%emt 0:05:16]} Rf8 {[%emt 0:08:02]} 26. Rce1 {[%emt 0:04:06]} Bb8 {[%emt 0:13:59]} 27. Qd7 {[%emt 0:06:34]} Qh5 {[%emt 0:03:39]} 28. h3 {[%emt 0:00:28]} Bg3 {[%emt 0:01:34]} 29. Rd1 {[%emt 0:08:26]} Raa8 {[%emt 0:06:12]} 30. Qxe6+ {[%emt 0:02:15]} Kh8 {[%emt 0:02:25]} 31. Nd6 {[%emt 0:02:20]} b6 {[%emt 0:02:26]} 32. Nf7+ {[%emt 0:01:51]} Kg8 {[%emt 0:02:27]} 33. Rd7 {[%emt 0:01:24]} 1-0

[Event "EYCC Open-U14 2019"]
[Site "Bratislava"]
[Date "2019.08.10"]
[Round "9.16"]
[White "Musyuk, Lior"]
[Black "Lopez Varela, Pablo"]
[Result "1/2-1/2"]
[WhiteElo "2236"]
[BlackElo "2131"]
[Annotator "NA"]
[PlyCount "163"]
[EventDate "2019.08.02"]
[EventType "swiss"]
[EventCountry "SVK"]
[SourceTitle "playchess.com"]
[Source "ChessBase"]
[SourceQuality "1"]
[TimeControl "40/5400+30:1800+30"]

1. Nf3 {[%emt 0:00:00]} g6 {[%emt 0:00:07]} 2. g3 {[%emt 0:02:07]} Bg7 {[%emt 0:00:06]} 3. Bg2 {[%emt 0:00:18]} c5 {[%emt 0:00:27]} 4. c4 {[%emt 0:01:36]} Nc6 {[%emt 0:00:05]} 5. O-O {[%emt 0:00:49]} e6 {[%emt 0:00:03]} 6. Nc3 {[%emt 0:02:36]} Nge7 {[%emt 0:00:07]} 7. d4 {[%emt 0:03:39]} cxd4 {[%emt 0:02:36]} 8. Nb5 {[%emt 0:00:16]} O-O {[%emt 0:00:14]} 9. Nbxd4 {[%emt 0:05:39]} d5 {[%emt 0:01:40]} 10. cxd5 {[%emt 0:02:01]} Nxd4 {[%emt 0:00:22]} 11. Nxd4 {[%emt 0:00:17]} Nxd5 {[%emt 0:00:04]} 12. e4 {[%emt 0:01:46]} Nb6 {[%emt 0:05:33]} 13. Nb5 {[%emt 0:02:15]} Bd7 {[%emt 0:00:41]} 14. Qe2 {[%emt 0:03:35]} a6 {[%emt 0:03:01]} 15. Na3 {[%emt 0:08:14]} Bc6 {[%emt 0:06:52]} 16. Bf4 {[%emt 0:03:32]} Qe7 {[%emt 0:01:02]} 17. e5 {[%emt 0:11:58]} Bxg2 18. Kxg2 {[%emt 0:00:08]} Nd5 {[%emt 0:03:57]} 19. Bd2 {[%emt 0:02:19]} b5 {[%emt 0:00:02]} 20. Rac1 {[%emt 0:01:09]} Rac8 {[%emt 0:01:12]} 21. h4 {[%emt 0:04:55]} h5 {[%emt 0:01:17]} 22. Nc2 {[%emt 0:02:21]} Qb7 {[%emt 0:00:23]} 23. Kh2 {[%emt 0:00:37]} Rc7 {[%emt 0:03:37]} 24. Ba5 {[%emt 0:07:24]} Nb6 {[%emt 0:02:33]} 25. Rfd1 {[%emt 0:04:20]} Rfc8 {[%emt 0:01:56]} 26. Rd6 {[%emt 0:01:15]} Rc6 {[%emt 0:00:09]} 27. Bxb6 {[%emt 0:01:11]} Rxd6 {[%emt 0:02:32]} 28. exd6 {[%emt 0:00:24]} Qxb6 {[%emt 0:00:01]} 29. d7 {[%emt 0:03:32]} Rd8 {[%emt 0:00:00]} 30. Rd1 {[%emt 0:01:43]} Qb7 {[%emt 0:03:58]} 31. Qd2 {[%emt 0:02:40]} Bxb2 {[%emt 0:01:18]} 32. Qd6 {[%emt 0:02:35]} a5 {[%emt 0:06:24]} 33. Qe7 {[%emt 0:02:04]} Qc7 {[%emt 0:00:43]} 34. Ne1 {[%emt 0:14:56]} Bg7 {[%emt 0:01:40]} 35. Nf3 {[%emt 0:00:29]} Bf8 {[%emt 0:00:04]} 36. Qxd8 {[%emt 0:00:14]} Qxd8 {[%emt 0:00:05]} 37. Ne5 {[%emt 0:00:04]} b4 {[%emt 0:03:35]} 38. Nc6 {[%emt 0:00:39]} Qb6 {[%emt 0:00:00]} 39. Rd2 {[%emt 0:01:35]} Qxc6 {[%emt 0:00:13]} 40. d8=Q {[%emt 0:00:00]} a4 {[%emt 0:00:00]} 41. Qd7 {[%emt 0:04:32]} Qxd7 {[%emt 0:01:24]} 42. Rxd7 {[%emt 0:00:04]} b3 {[%emt 0:00:03]} 43. axb3 {[%emt 0:01:00]} axb3 {[%emt 0:00:04]} 44. Rb7 {[%emt 0:00:09]} Bc5 {[%emt 0:00:01]} 45. f3 {[%emt 0:01:30]} Kg7 {[%emt 0:00:48]} 46. Rxb3 {[%emt 0:01:29]} Be7 {[%emt 0:03:24]} 47. Rb5 {[%emt 0:01:16]} Bd6 {[%emt 0:01:44]} 48. Kh3 {[%emt 0:01:42]} Kh6 {[%emt 0:00:14]} 49. Rb7 {[%emt 0:04:18]} Kg7 {[%emt 0:00:04]} 50. g4 {[%emt 0:00:10]} Bf4 {[%emt 0:00:31]} 51. Rb4 {[%emt 0:02:53]} Bd6 {[%emt 0:00:07]} 52. Rb5 {[%emt 0:00:48]} Kh6 {[%emt 0:00:02]} 53. Rb7 {[%emt 0:00:05]} Kg7 54. Kg2 {[%emt 0:00:39]} Bf4 {[%emt 0:00:13]} 55. Kf2 {[%emt 0:00:59]} Bd6 {[%emt 0:00:07]} 56. Rb5 {[%emt 0:01:22]} Kh6 {[%emt 0:00:05]} 57. g5+ {[%emt 0:01:37]} Kg7 {[%emt 0:00:05]} 58. Ke3 {[%emt 0:00:18]} Kf8 {[%emt 0:01:47]} 59. Rb1 {[%emt 0:00:58]} Ke7 {[%emt 0:00:40]} 60. Ke4 {[%emt 0:01:55]} Bg3 {[%emt 0:01:05]} 61. f4 {[%emt 0:01:22]} Bxh4 {[%emt 0:02:47]} 62. Rb8 {[%emt 0:01:25]} Be1 {[%emt 0:00:30]} 63. Rc8 {[%emt 0:01:03]} Bb4 {[%emt 0:01:09]} 64. Rb8 {[%emt 0:01:19]} Bc3 {[%emt 0:00:18]} 65. Rc8 {[%emt 0:00:58]} Bd2 {[%emt 0:00:30]} 66. Ke5 {[%emt 0:00:32]} Ba5 {[%emt 0:00:08]} 67. Rc6 {[%emt 0:02:15]} Bd8 {[%emt 0:01:02]} 68. Rc2 {[%emt 0:01:08]} Ba5 {[%emt 0:00:13]} 69. Rc8 {[%emt 0:00:28]} Kd7 {[%emt 0:00:59]} 70. Rc5 {[%emt 0:01:16]} Bd8 {[%emt 0:00:01]} 71. Rb5 {[%emt 0:00:38]} Be7 {[%emt 0:01:11]} 72. Rb7+ {[%emt 0:00:38]} Ke8 {[%emt 0:00:37]} 73. Rb8+ {[%emt 0:00:56]} Kd7 {[%emt 0:00:03]} 74. Ra8 {[%emt 0:01:02]} Bd8 {[%emt 0:02:31]} 75. Ra7+ {[%emt 0:00:25]} Ke8 {[%emt 0:00:08]} 76. Kd6 {[%emt 0:00:37]} h4 {[%emt 0:00:24]} 77. Ra2 {[%emt 0:02:02]} Be7+ {[%emt 0:00:28]} 78. Ke5 {[%emt 0:00:17]} Bb4 {[%emt 0:00:12]} 79. Rh2 {[%emt 0:01:21]} Bc3+ {[%emt 0:00:12]} 80. Ke4 {[%emt 0:00:46]} Be1 {[%emt 0:00:03]} 81. Rc2 {[%emt 0:00:54]} Kf8 {[%emt 0:00:17]} 82. Kf3 {[%emt 0:00:42]} 1/2-1/2

[Event "EYCC Open-U14 2019"]
[Site "Bratislava"]
[Date "2019.08.10"]
[Round "9.17"]
[White "Creanga, Robert-Ionut"]
[Black "Stukan, Martin"]
[Result "0-1"]
[WhiteElo "2024"]
[BlackElo "2303"]
[Annotator "NA"]
[PlyCount "72"]
[EventDate "2019.08.02"]
[EventType "swiss"]
[EventCountry "SVK"]
[SourceTitle "playchess.com"]
[Source "ChessBase"]
[SourceQuality "1"]
[TimeControl "40/5400+30:1800+30"]

1. d4 {[%emt 0:00:00]} Nf6 {[%emt 0:00:00]} 2. c4 {[%emt 0:00:01]} g6 {[%emt 0:00:00]} 3. f3 {[%emt 0:00:15]} c5 {[%emt 0:00:00]} 4. d5 {[%emt 0:01:39]} d6 {[%emt 0:00:27]} 5. e4 {[%emt 0:02:23]} e6 {[%emt 0:02:09]} 6. Nc3 {[%emt 0:00:19]} exd5 {[%emt 0:00:10]} 7. cxd5 {[%emt 0:00:09]} Bg7 {[%emt 0:00:02]} 8. Nge2 {[%emt 0:02:28]} O-O {[%emt 0:00:07]} 9. Ng3 {[%emt 0:00:48]} a6 {[%emt 0:00:03]} 10. a4 {[%emt 0:00:32]} Nbd7 {[%emt 0:00:03]} 11. Be2 {[%emt 0:02:19]} Rb8 {[%emt 0:00:05]} 12. O-O {[%emt 0:01:47]} Ne8 {[%emt 0:00:06]} 13. Be3 {[%emt 0:06:31]} Nc7 {[%emt 0:00:02]} 14. Qd2 {[%emt 0:05:02]} b5 {[%emt 0:00:24]} 15. Rab1 {[%emt 0:04:50]} bxa4 {[%emt 0:15:29]} 16. Nxa4 {[%emt 0:00:24]} Nb5 {[%emt 0:00:03]} 17. b4 {[%emt 0:14:29]} Na3 {[%emt 0:06:35]} 18. Rb3 {[%emt 0:00:30]} cxb4 {[%emt 0:00:05]} 19. Bg5 {[%emt 0:00:50]} Qc7 {[%emt 0:19:25]} 20. Rc1 {[%emt 0:06:41]} Qb7 {[%emt 0:07:10]} 21. Rc6 {[%emt 0:16:52]} a5 {[%emt 0:02:30]} 22. Be3 {[%emt 0:03:08]} Ne5 {[%emt 0:03:14]} 23. Rc1 {[%emt 0:02:45]} Bd7 {[%emt 0:04:48]} 24. Nb6 {[%emt 0:01:46]} Bb5 {[%emt 0:04:27]} 25. Rxa3 {[%emt 0:07:01]} bxa3 {[%emt 0:08:46]} 26. Bxb5 {[%emt 0:00:35]} Bh6 {[%emt 0:00:04]} 27. Bxh6 {[%emt 0:00:55]} Qxb6+ {[%emt 0:00:28]} 28. Kh1 {[%emt 0:00:19]} Qxb5 {[%emt 0:00:04]} 29. Bxf8 {[%emt 0:03:48]} Rxf8 {[%emt 0:01:19]} 30. Qg5 {[%emt 0:02:54]} Qb2 {[%emt 0:03:05]} 31. h4 {[%emt 0:04:20]} a2 {[%emt 0:01:24]} 32. Nf5 {[%emt 0:00:28]} Nd3 {[%emt 0:00:26]} 33. Nh6+ {[%emt 0:01:20]} Kg7 {[%emt 0:00:16]} 34. Nf5+ {[%emt 0:00:07]} Kh8 {[%emt 0:00:37]} 35. Qe7 {[%emt 0:00:22]} Qxc1+ {[%emt 0:00:20]} 36. Kh2 {[%emt 0:00:01]} Kg8 {[%emt 0:00:40]} 0-1